000 00235nam a22001097a 4500
008 210707s2011 xx 000 0 und d
041 _aeng
082 _a052 MS
245 _aMainstream
260 _c2011
650 _aPolitical Science
999 _c179852
_d179852